000
00225nam a22000977a 4500
082
_a
823
_b
PAC/S
100
_a
PACES,S. E
245
_a
SIX DETECTIVE STORIES
246
_a
SIX DETECTIVE STORIES
_b
SIX DETECTIVE STORIES
942
_c
BK
999
_c
8309
_d
8309